[Event "DEM U18 2017"]
[Site "Willingen GER"]
[Date "2017.06.07"]
[Round "6"]
[White "Schmekel, Florian"]
[Black "Küppers, Timo"]
[Result "1-0"]
[Termination "normal"]
[Board "12"]
[WhiteElo "2029"]
[BlackElo "2192"]
[WhiteClock "00:03:46"]
[BlackClock "00:01:41"]
[PlyCount "77"]
[WhiteFideId "12913456"]
[BlackFideId "16205820"]
[EventCountry "GER"]
[EventRounds "9"]
[EventType "swiss"]
[EventDate "2017.06.03"]

1. d4 {[%clk 1:30:57]} 1... Nf6 {[%clk 1:30:54]} 2. c4 {[%clk 1:31:22]} 2... c5
{[%clk 1:31:19]} 3. d5 {[%clk 1:31:47]} 3... e5 {[%clk 1:31:45]} 4. Nc3 { [%clk
1:31:58]} 4... d6 {[%clk 1:32:09]} 5. e4 {[%clk 1:31:59]} 5... Be7 { [%clk
1:32:33]} 6. g3 {[%clk 1:30:37]} 6... O-O {[%clk 1:32:15]} 7. Bg2 { [%clk
1:30:41]} 7... Nbd7 {[%clk 1:29:35]} 8. Nf3 {[%clk 1:26:39]} 8... Ne8 { [%clk
1:28:28]} 9. O-O {[%clk 1:24:32]} 9... Kh8 {[%clk 1:25:24]} 10. Ne1 { [%clk
1:10:03]} 10... g6 {[%clk 1:23:08]} 11. Nd3 {[%clk 1:08:35]} 11... f5 { [%clk
1:14:38]} 12. Qe2 {[%clk 0:56:24]} 12... Ng7 {[%clk 1:13:27]} 13. f4 { [%clk
0:45:56]} 13... Bf6 {[%clk 1:08:00]} 14. Kh1 {[%clk 0:41:06]} 14... a6 { [%clk
1:04:08]} 15. Bd2 {[%clk 0:35:19]} 15... Rb8 {[%clk 1:00:10]} 16. a4 { [%clk
0:33:44]} 16... Re8 {[%clk 0:57:11]} 17. Qf3 {[%clk 0:30:13]} 17... exf4 {[%clk
0:51:22]} 18. Bxf4 {[%clk 0:30:13]} 18... Bxc3 {[%clk 0:49:48]} 19. Bxd6 {[%clk
0:29:37]} 19... Ra8 {[%clk 0:33:33]} 20. exf5 {[%clk 0:28:55]} 20... Nxf5
{[%clk 0:29:49]} 21. Nxc5 {[%clk 0:28:42]} 21... Re3 {[%clk 0:28:16]} 22. Qf4
{[%clk 0:28:39]} 22... Nxc5 {[%clk 0:27:34]} 23. Bxc5 {[%clk 0:28:18]} 23...
Be5 {[%clk 0:26:25]} 24. Qf2 {[%clk 0:27:39]} 24... Rb3 {[%clk 0:25:24]} 25. g4
{[%clk 0:26:42]} 25... b6 {[%clk 0:12:40]} 26. gxf5 {[%clk 0:17:36]} 26... bxc5
{[%clk 0:12:51]} 27. fxg6 {[%clk 0:17:43]} 27... hxg6 { [%clk 0:12:02]} 28.
Qxc5 {[%clk 0:17:37]} 28... Bh3 {[%clk 0:10:37]} 29. Rf2 { [%clk 0:12:37]}
29... Rc8 {[%clk 0:06:59]} 30. Qa7 {[%clk 0:12:09]} 30... Rc7 { [%clk 0:05:29]}
31. Qxa6 {[%clk 0:12:07]} 31... Qh4 32. Raf1 {[%clk 0:05:38]} 32... Bc8 {[%clk
0:04:25]} 33. Rf8+ {[%clk 0:05:29]} 33... Kg7 {[%clk 0:04:41]} 34. Rg8+ {[%clk
0:04:26]} 34... Kxg8 {[%clk 0:04:48]} 35. Qxg6+ {[%clk 0:04:47] } 35... Bg7
{[%clk 0:01:21]} 36. d6 {[%clk 0:04:49]} 36... Bb7 {[%clk 0:00:58]} 37. dxc7
{[%clk 0:03:21]} 37... Rxb2 {[%clk 0:01:15]} 38. c8=Q+ {[%clk 0:03:21] } 38...
Bxc8 {[%clk 0:01:41]} 39. Bd5+ {[%clk 0:03:46]} 1-0

[Event "DEM U18 2017"]
[Site "Willingen GER"]
[Date "2017.06.07"]
[Round "6"]
[White "Philippi, Aidan"]
[Black "Vuckovic, Zarko"]
[Result "0-1"]
[Termination "normal"]
[Board "13"]
[WhiteElo "1664"]
[BlackElo "2063"]
[WhiteClock "00:37:05"]
[BlackClock "00:30:43"]
[PlyCount "50"]
[WhiteFideId "16229533"]
[BlackFideId "12952087"]
[EventCountry "GER"]
[EventRounds "9"]
[EventType "swiss"]
[EventDate "2017.06.03"]

1. Nf3 {[%clk 1:30:58]} 1... d5 {[%clk 1:30:54]} 2. g3 {[%clk 1:31:20]} 2...
Nf6 {[%clk 1:31:19]} 3. Bg2 {[%clk 1:31:41]} 3... e6 {[%clk 1:31:48]} 4. O-O {
[%clk 1:31:56]} 4... Be7 {[%clk 1:32:16]} 5. d3 {[%clk 1:31:47]} 5... O-O {
[%clk 1:32:37]} 6. Nbd2 {[%clk 1:31:49]} 6... c5 {[%clk 1:27:30]} 7. e4 { [%clk
1:31:10]} 7... Nc6 {[%clk 1:27:17]} 8. h3 {[%clk 1:27:16]} 8... a6 { [%clk
1:26:22]} 9. a4 {[%clk 1:24:59]} 9... Rb8 {[%clk 1:26:17]} 10. Nh2 { [%clk
1:24:26]} 10... b5 {[%clk 1:25:09]} 11. f4 {[%clk 1:24:06]} 11... dxe4 { [%clk
1:16:16]} 12. dxe4 {[%clk 1:22:24]} 12... e5 {[%clk 1:16:10]} 13. Ra3 { [%clk
1:16:03]} 13... c4 {[%clk 1:14:07]} 14. Raf3 {[%clk 1:16:22]} 14... Bb7 { [%clk
1:10:30]} 15. c3 {[%clk 1:11:46]} 15... Qc7 {[%clk 1:08:34]} 16. f5 { [%clk
1:10:15]} 16... Rbd8 {[%clk 1:03:40]} 17. Qe1 {[%clk 1:10:29]} 17... Na5 {[%clk
0:59:50]} 18. axb5 {[%clk 1:05:33]} 18... axb5 {[%clk 1:00:18]} 19. g4 { [%clk
1:05:14]} 19... Rxd2 {[%clk 0:36:33]} 20. Qxd2 {[%clk 0:56:27]} 20... Nb3
{[%clk 0:36:03]} 21. Qe1 {[%clk 0:55:22]} 21... Nxc1 {[%clk 0:31:35]} 22. Qxc1
{[%clk 0:55:45]} 22... Bxe4 {[%clk 0:32:02]} 23. Rg3 {[%clk 0:55:26]} 23... Bd3
{[%clk 0:31:47]} 24. Re1 {[%clk 0:38:02]} 24... e4 {[%clk 0:30:48]} 25. Rxd3 {
[%clk 0:37:05]} 25... exd3 {[%clk 0:30:43]} 0-1

[Event "DEM U18 2017"]
[Site "Willingen GER"]
[Date "2017.06.07"]
[Round "6"]
[White "Silber, Kevin"]
[Black "Brunner, Wilken"]
[Result "1-0"]
[Termination "normal"]
[Board "14"]
[WhiteElo "2048"]
[BlackElo "2037"]
[WhiteClock "00:30:45"]
[BlackClock "01:01:51"]
[PlyCount "115"]
[WhiteFideId "12930440"]
[BlackFideId "12928771"]
[EventCountry "GER"]
[EventRounds "9"]
[EventType "swiss"]
[EventDate "2017.06.03"]

1. e4 {[%clk 1:30:28]} 1... e6 {[%clk 1:30:37]} 2. d4 {[%clk 1:30:53]} 2... d5
{[%clk 1:31:04]} 3. Nd2 {[%clk 1:31:17]} 3... Nf6 {[%clk 1:31:31]} 4. e5 {
[%clk 1:31:42]} 4... Nfd7 {[%clk 1:31:59]} 5. Bd3 {[%clk 1:32:05]} 5... c5 {
[%clk 1:32:25]} 6. c3 {[%clk 1:32:25]} 6... Nc6 {[%clk 1:32:53]} 7. Ne2 { [%clk
1:32:41]} 7... cxd4 8. cxd4 {[%clk 1:33:06]} 8... f6 {[%clk 1:33:45]} 9. exf6
{[%clk 1:33:49]} 9... Nxf6 {[%clk 1:34:10]} 10. O-O 10... Bd6 { [%clk 1:34:37]}
11. Nf3 {[%clk 1:34:11]} 11... Qc7 {[%clk 1:35:05]} 12. Bg5 { [%clk 1:34:30]}
12... O-O {[%clk 1:35:27]} 13. Bh4 {[%clk 1:34:50]} 13... Nh5 { [%clk 1:35:51]}
14. Qc2 {[%clk 1:35:11]} 14... h6 {[%clk 1:36:18]} 15. Bh7+ { [%clk 1:35:13]}
15... Kh8 {[%clk 1:36:44]} 16. Bg6 {[%clk 1:35:36]} 16... Rxf3 {[%clk 1:37:11]}
17. Bxh5 {[%clk 1:36:00]} 17... Rf8 {[%clk 1:36:53]} 18. Bg3 { [%clk 1:35:45]}
18... Bd7 {[%clk 1:36:13]} 19. Qd2 {[%clk 1:28:56]} 19... Be8 { [%clk 1:30:09]}
20. Bg4 {[%clk 1:25:38]} 20... e5 {[%clk 1:26:28]} 21. dxe5 { [%clk 1:20:00]}
21... Nxe5 {[%clk 1:17:28]} 22. Be6 {[%clk 1:11:41]} 22... Bb5 {[%clk 1:12:25]}
23. Bxd5 {[%clk 0:58:34]} 23... Qb6 {[%clk 1:05:41]} 24. a4 { [%clk 0:48:53]}
24... Ba6 {[%clk 1:03:18]} 25. a5 {[%clk 0:46:17]} 25... Qb4 { [%clk 0:51:42]}
26. Qxb4 {[%clk 0:32:17]} 26... Bxb4 {[%clk 0:52:09]} 27. Bxe5 {[%clk 0:23:56]}
27... Bxe2 {[%clk 0:52:30]} 28. Rfc1 {[%clk 0:24:19]} 28... Rae8 {[%clk
0:48:17]} 29. Bc3 {[%clk 0:22:05]} 29... Bxc3 {[%clk 0:45:51]} 30. Rxc3 {[%clk
0:22:06]} 30... b6 {[%clk 0:46:13]} 31. axb6 {[%clk 0:21:39]} 31... axb6 {[%clk
0:46:13]} 32. Rca3 {[%clk 0:20:14]} 32... Re5 {[%clk 0:43:25]} 33. Bb3 {[%clk
0:16:18]} 33... Rc5 {[%clk 0:41:20]} 34. f3 {[%clk 0:15:06]} 34... Rf4 {[%clk
0:39:54]} 35. Kf2 {[%clk 0:11:07]} 35... Bb5 {[%clk 0:39:08]} 36. Ra8+ {[%clk
0:05:54]} 36... Kh7 {[%clk 0:39:19]} 37. Ba2 {[%clk 0:06:04]} 37... Rd4 {[%clk
0:35:04]} 38. Bb1+ {[%clk 0:02:11]} 38... Bd3 {[%clk 0:34:16]} 39. R1a4 {[%clk
0:02:22]} 39... Rd6 {[%clk 0:33:31]} 40. Ba2 {[%clk 0:00:52]} 40... Rc2+ {[%clk
0:32:09]} 41. Kg3 {[%clk 0:00:31]} 41... Rg6+ {[%clk 0:31:33]} 42. Rg4 {[%clk
0:00:46]} 42... Rxg4+ {[%clk 0:31:33]} 43. fxg4 {[%clk 0:01:06]} 43... Rxb2
{[%clk 0:31:41]} 44. Bg8+ {[%clk 0:01:22]} 44... Kg6 {[%clk 0:32:02] } 45. Rd8
{[%clk 0:01:42]} 45... Kf6 {[%clk 0:27:38]} 46. Rxd3 {[%clk 0:01:23]} 46... b5
{[%clk 0:28:02]} 47. Rf3+ {[%clk 0:29:23]} 47... Ke5 {[%clk 0:58:26]} 48. Rf5+
{[%clk 0:29:01]} 48... Kd4 {[%clk 0:58:46]} 49. Rd5+ {[%clk 0:29:13]} 49... Ke4
{[%clk 0:59:08]} 50. Rd7 {[%clk 0:29:08]} 50... g5 {[%clk 0:59:30]} 51. Rd6
{[%clk 0:28:44]} 51... b4 {[%clk 0:59:39]} 52. Rxh6 {[%clk 0:28:55]} 52... Rd2
{[%clk 1:00:06]} 53. Re6+ {[%clk 0:29:15]} 53... Kd4 {[%clk 1:00:26]} 54. Rd6+
{[%clk 0:29:42]} 54... Kc3 {[%clk 1:00:51]} 55. Rxd2 {[%clk 0:30:03]} 55...
Kxd2 {[%clk 1:01:18]} 56. h4 {[%clk 0:30:22]} 56... gxh4+ {[%clk 1:01:27] } 57.
Kxh4 {[%clk 0:30:45]} 57... b3 {[%clk 1:01:51]} 58. Bxb3 1-0

[Event "DEM U18 2017"]
[Site "Willingen GER"]
[Date "2017.06.08"]
[Round "7"]
[White "Sawlin, Leonid"]
[Black "Ehmann, Thilo"]
[Result "1/2-1/2"]
[Termination "normal"]
[Board "1"]
[WhiteTitle "FM"]
[BlackTitle "FM"]
[WhiteElo "2303"]
[BlackElo "2268"]
[WhiteClock "01:06:13"]
[BlackClock "00:04:49"]
[PlyCount "85"]
[WhiteFideId "4689542"]
[BlackFideId "12940968"]
[EventCountry "GER"]
[EventRounds "9"]
[EventType "swiss"]
[EventDate "2017.06.03"]

1. e4 {[%clk 1:30:57]} 1... c5 {[%clk 1:30:57]} 2. Nf3 {[%clk 1:31:21]} 2... e6
{[%clk 1:31:16]} 3. d4 {[%clk 1:31:46]} 3... cxd4 {[%clk 1:31:42]} 4. Nxd4 {
[%clk 1:32:12]} 4... a6 {[%clk 1:31:59]} 5. Nc3 {[%clk 1:32:25]} 5... Qc7 {
[%clk 1:32:24]} 6. Bd3 {[%clk 1:32:46]} 6... Nc6 {[%clk 1:32:44]} 7. Nb3 {
[%clk 1:32:40]} 7... b5 {[%clk 1:32:45]} 8. O-O {[%clk 1:32:05]} 8... Nf6 {
[%clk 1:33:02]} 9. f4 {[%clk 1:31:49]} 9... d6 {[%clk 1:33:28]} 10. Qf3 { [%clk
1:31:57]} 10... Bb7 {[%clk 1:33:43]} 11. Be3 {[%clk 1:31:42]} 11... Be7 { [%clk
1:33:59]} 12. Rae1 {[%clk 1:31:17]} 12... O-O-O {[%clk 1:26:22]} 13. a4 { [%clk
1:28:23]} 13... b4 {[%clk 1:26:05]} 14. Ne2 {[%clk 1:27:45]} 14... g5 { [%clk
1:25:39]} 15. a5 {[%clk 1:26:46]} 15... Rdg8 {[%clk 1:22:34]} 16. Bb6 { [%clk
1:22:53]} 16... Qd7 {[%clk 1:21:37]} 17. Ned4 {[%clk 1:21:39]} 17... Nxd4
{[%clk 1:17:03]} 18. Nxd4 {[%clk 1:21:25]} 18... gxf4 {[%clk 1:16:45]} 19. Qe2
{[%clk 1:21:00]} 19... Kb8 {[%clk 1:15:47]} 20. Rxf4 {[%clk 1:19:26]} 20... e5
{[%clk 1:13:42]} 21. Rxf6 {[%clk 1:18:53]} 21... Bxf6 {[%clk 1:13:56]} 22. Nf5
{[%clk 1:18:25]} 22... Bd8 {[%clk 0:51:47]} 23. Bxa6 {[%clk 1:16:55]} 23...
Bxb6+ {[%clk 0:51:25]} 24. axb6 {[%clk 1:17:23]} 24... Qc6 {[%clk 0:31:57]} 25.
Bxb7 {[%clk 1:17:13]} 25... Kxb7 {[%clk 0:32:05]} 26. Qd3 {[%clk 1:16:00]}
26... Rg6 {[%clk 0:17:20]} 27. Kh1 {[%clk 1:14:28]} 27... Qxb6 {[%clk 0:15:44]}
28. Qd5+ {[%clk 1:14:04]} 28... Qc6 {[%clk 0:14:19]} 29. Qxf7+ {[%clk 1:13:36]}
29... Kb8 {[%clk 0:13:55]} 30. Ra1 {[%clk 1:09:18]} 30... Qb7 {[%clk 0:13:54]}
31. Ne7 {[%clk 1:08:13]} 31... Rhg8 {[%clk 0:10:19]} 32. Qd5 {[%clk 1:07:54]}
32... Qxd5 {[%clk 0:09:42]} 33. exd5 {[%clk 1:08:17]} 33... Rxg2 { [%clk
0:09:44]} 34. Nxg8 {[%clk 1:07:48]} 34... Rxg8 {[%clk 0:10:08]} 35. Ra6 { [%clk
1:07:45]} 35... Rc8 {[%clk 0:06:46]} 36. Rxd6 {[%clk 1:07:24]} 36... Rxc2
{[%clk 0:07:10]} 37. Rb6+ {[%clk 1:07:43]} 37... Kc7 {[%clk 0:07:12]} 38. Rxb4
{[%clk 1:07:51]} 38... Kd6 {[%clk 0:07:06]} 39. Rb5 {[%clk 1:06:17]} 39... e4 {
[%clk 0:06:02]} 40. Kg1 {[%clk 1:06:21]} 40... Ke5 {[%clk 0:05:08]} 41. d6+ {
[%clk 1:05:36]} 41... Kxd6 {[%clk 0:04:43]} 42. Rh5 {[%clk 1:05:57]} 42... Rxb2
{[%clk 0:04:49]} 43. Rxh7 {[%clk 1:06:13]} 1/2-1/2

[Event "DEM U18 2017"]
[Site "Willingen GER"]
[Date "2017.06.08"]
[Round "7"]
[White "Uksini, Bardhyl"]
[Black "Vogel, Roven"]
[Result "0-1"]
[Termination "normal"]
[Board "2"]
[BlackTitle "IM"]
[WhiteElo "2331"]
[BlackElo "2464"]
[WhiteClock "00:09:33"]
[BlackClock "00:01:55"]
[PlyCount "96"]
[WhiteFideId "1628313"]
[BlackFideId "12908088"]
[EventCountry "GER"]
[EventRounds "9"]
[EventType "swiss"]
[EventDate "2017.06.03"]

1. Nf3 {[%clk 1:30:54]} 1... Nf6 {[%clk 1:30:47]} 2. g3 {[%clk 1:30:52]} 2...
g6 {[%clk 1:31:08]} 3. Bg2 {[%clk 1:31:17]} 3... Bg7 {[%clk 1:31:31]} 4. O-O {
[%clk 1:31:18]} 4... O-O {[%clk 1:31:52]} 5. c4 {[%clk 1:29:42]} 5... d6 {
[%clk 1:31:19]} 6. d4 {[%clk 1:26:35]} 6... c6 {[%clk 1:31:15]} 7. Nc3 { [%clk
1:26:19]} 7... Nbd7 {[%clk 1:31:28]} 8. b3 {[%clk 1:21:00]} 8... Re8 { [%clk
1:26:30]} 9. Bb2 {[%clk 1:15:02]} 9... e5 {[%clk 1:24:27]} 10. e3 { [%clk
1:08:57]} 10... a6 {[%clk 1:15:47]} 11. Qd2 {[%clk 1:00:37]} 11... e4 { [%clk
1:13:29]} 12. Ng5 {[%clk 0:59:15]} 12... d5 {[%clk 1:13:00]} 13. cxd5 { [%clk
0:58:37]} 13... cxd5 {[%clk 1:13:19]} 14. Na4 {[%clk 0:55:59]} 14... h6 { [%clk
1:08:21]} 15. Nh3 {[%clk 0:56:14]} 15... Bf8 {[%clk 1:07:20]} 16. Bc3 { [%clk
0:48:04]} 16... Bd6 {[%clk 0:55:17]} 17. Bb4 {[%clk 0:45:37]} 17... Bb8 { [%clk
0:53:20]} 18. Rac1 {[%clk 0:45:39]} 18... a5 {[%clk 0:44:51]} 19. Ba3 { [%clk
0:44:20]} 19... b5 {[%clk 0:45:11]} 20. Nc5 {[%clk 0:44:13]} 20... Nf8 { [%clk
0:43:36]} 21. Rc2 {[%clk 0:40:54]} 21... N8h7 {[%clk 0:39:28]} 22. Rfc1 { [%clk
0:36:44]} 22... Ng5 {[%clk 0:37:46]} 23. Nxg5 {[%clk 0:34:40]} 23... hxg5
{[%clk 0:38:06]} 24. Qe2 {[%clk 0:34:39]} 24... b4 {[%clk 0:34:03]} 25. Bb2 {
[%clk 0:32:08]} 25... Bd6 {[%clk 0:34:18]} 26. a3 {[%clk 0:29:09]} 26... Kg7 {
[%clk 0:32:49]} 27. axb4 {[%clk 0:28:03]} 27... axb4 {[%clk 0:33:17]} 28. Qb5 {
[%clk 0:27:52]} 28... Rb8 {[%clk 0:32:07]} 29. Qc6 {[%clk 0:27:24]} 29... Qe7 {
[%clk 0:28:32]} 30. Ra1 {[%clk 0:24:32]} 30... Rh8 {[%clk 0:27:32]} 31. Bc1 {
[%clk 0:22:57]} 31... Qd8 {[%clk 0:25:55]} 32. Rca2 {[%clk 0:21:18]} 32... Rb6
{[%clk 0:25:31]} 33. Qa8 {[%clk 0:20:34]} 33... Qg8 {[%clk 0:25:51]} 34. Qa7 {
[%clk 0:18:29]} 34... Rb8 {[%clk 0:19:37]} 35. h3 {[%clk 0:13:04]} 35... Qh7 {
[%clk 0:15:27]} 36. g4 {[%clk 0:12:07]} 36... Nxg4 {[%clk 0:14:47]} 37. Ra6 {
[%clk 0:11:39]} 37... Qh4 {[%clk 0:08:10]} 38. hxg4 {[%clk 0:08:36]} 38... Qxg4
{[%clk 0:08:34]} 39. Rxd6 {[%clk 0:08:01]} 39... Qd1+ {[%clk 0:08:58]} 40. Bf1
{[%clk 0:08:28]} 40... Rh1+ {[%clk 0:09:11]} 41. Kxh1 {[%clk 0:08:52]} 41...
Qxf1+ {[%clk 0:09:34]} 42. Kh2 {[%clk 0:09:21]} 42... Qxf2+ {[%clk 0:09:53]}
43. Kh1 {[%clk 0:09:47]} 43... Bg4 {[%clk 0:08:14]} 44. Ne6+ {[%clk 0:09:39]}
44... Kh6 {[%clk 0:06:15]} 45. Nxg5 {[%clk 0:09:48]} 45... Qf1+ {[%clk 0:06:15]
} 46. Kh2 {[%clk 0:10:15]} 46... Qf2+ {[%clk 0:06:40]} 47. Kh1 {[%clk 0:10:39]}
47... Rh8 {[%clk 0:01:36]} 48. Nxf7+ {[%clk 0:09:33]} 48... Kh5 {[%clk 0:01:55]
} 0-1

[Event "DEM U18 2017"]
[Site "Willingen GER"]
[Date "2017.06.08"]
[Round "7"]
[White "Lagunow, Raphael"]
[Black "Gschnitzer, Adrian"]
[Result "1/2-1/2"]
[Termination "normal"]
[Board "3"]
[WhiteTitle "FM"]
[WhiteElo "2318"]
[BlackElo "2342"]
[WhiteClock "00:11:06"]
[BlackClock "00:53:06"]
[PlyCount "45"]
[WhiteFideId "24652644"]
[BlackFideId "1270337"]
[EventCountry "GER"]
[EventRounds "9"]
[EventType "swiss"]
[EventDate "2017.06.03"]

1. e4 {[%clk 1:30:58]} 1... c5 {[%clk 1:30:53]} 2. Nf3 {[%clk 1:31:21]} 2...
Nc6 {[%clk 1:31:17]} 3. c3 {[%clk 1:31:47]} 3... d5 {[%clk 1:31:38]} 4. exd5 {
[%clk 1:32:10]} 4... Qxd5 {[%clk 1:31:58]} 5. d4 {[%clk 1:32:28]} 5... Bg4 {
[%clk 1:32:10]} 6. Be2 {[%clk 1:32:44]} 6... e6 {[%clk 1:32:24]} 7. O-O { [%clk
1:31:49]} 7... Nf6 {[%clk 1:32:47]} 8. Be3 {[%clk 1:31:43]} 8... cxd4 { [%clk
1:33:08]} 9. cxd4 {[%clk 1:32:07]} 9... Be7 {[%clk 1:33:29]} 10. Nc3 { [%clk
1:32:31]} 10... Qd6 {[%clk 1:33:50]} 11. h3 {[%clk 1:31:21]} 11... Bh5 { [%clk
1:34:12]} 12. Qb3 {[%clk 1:18:41]} 12... O-O {[%clk 1:34:30]} 13. Rfd1 { [%clk
1:18:42]} 13... Rfd8 {[%clk 1:34:48]} 14. a3 {[%clk 1:16:20]} 14... a6 { [%clk
1:32:23]} 15. Na4 {[%clk 1:04:23]} 15... Nd5 {[%clk 1:18:35]} 16. Nc5 { [%clk
1:02:26]} 16... Na5 {[%clk 1:17:14]} 17. Qa2 {[%clk 0:50:23]} 17... Qb6 { [%clk
1:12:08]} 18. b4 {[%clk 0:43:04]} 18... Nc6 {[%clk 1:09:52]} 19. Rac1 { [%clk
0:39:34]} 19... Rac8 {[%clk 1:06:15]} 20. Qb3 {[%clk 0:22:20]} 20... Bf6 {[%clk
1:00:26]} 21. g4 {[%clk 0:18:04]} 21... Bg6 {[%clk 0:59:26]} 22. Rd2 { [%clk
0:13:47]} 22... Qc7 {[%clk 0:53:06]} 23. Bc4 {[%clk 0:11:06]} 1/2-1/2

[Event "DEM U18 2017"]
[Site "Willingen GER"]
[Date "2017.06.08"]
[Round "7"]
[White "Schröder, Kevin"]
[Black "Hesse, Henrik"]
[Result "1-0"]
[Termination "normal"]
[Board "4"]
[WhiteTitle "FM"]
[WhiteElo "2352"]
[BlackElo "2161"]
[WhiteClock "01:01:21"]
[BlackClock "00:02:00"]
[PlyCount "141"]
[WhiteFideId "12929840"]
[BlackFideId "12952060"]
[EventCountry "GER"]
[EventRounds "9"]
[EventType "swiss"]
[EventDate "2017.06.03"]

1. c4 {[%clk 1:30:44]} 1... Nf6 {[%clk 1:27:17]} 2. Nc3 {[%clk 1:31:08]} 2...
e6 {[%clk 1:27:37]} 3. g3 {[%clk 1:31:21]} 3... d5 {[%clk 1:26:48]} 4. Bg2 {
[%clk 1:31:17]} 4... Be7 {[%clk 0:59:08]} 5. d4 {[%clk 1:30:35]} 5... O-O {
[%clk 0:59:30]} 6. Nf3 {[%clk 1:31:03]} 6... dxc4 {[%clk 0:58:44]} 7. Ne5 {
[%clk 1:28:57]} 7... Nd5 {[%clk 0:45:13]} 8. Nxc4 {[%clk 1:28:47]} 8... b6 {
[%clk 0:44:15]} 9. O-O {[%clk 1:27:23]} 9... Bb7 {[%clk 0:44:15]} 10. Qb3 {
[%clk 1:23:52]} 10... Qc8 {[%clk 0:36:51]} 11. e4 {[%clk 1:22:09]} 11... Nxc3 {
[%clk 0:36:56]} 12. Qxc3 {[%clk 1:22:12]} 12... c5 {[%clk 0:32:15]} 13. dxc5 {
[%clk 1:17:50]} 13... Bxc5 {[%clk 0:27:27]} 14. Bf4 {[%clk 1:18:08]} 14... Rd8
{[%clk 0:24:18]} 15. Nd6 {[%clk 1:15:39]} 15... Bxd6 {[%clk 0:21:11]} 16. Qxc8
{[%clk 1:15:53]} 16... Rxc8 {[%clk 0:21:30]} 17. Bxd6 {[%clk 1:16:17]} 17...
Nd7 {[%clk 0:18:48]} 18. Rac1 {[%clk 1:14:09]} 18... Nf6 {[%clk 0:17:41]} 19.
f3 {[%clk 1:14:09]} 19... Ba6 {[%clk 0:15:45]} 20. Rfd1 {[%clk 1:13:45]} 20...
Rxc1 {[%clk 0:09:36]} 21. Rxc1 {[%clk 1:14:03]} 21... Rc8 {[%clk 0:09:36]} 22.
Rxc8+ {[%clk 1:13:54]} 22... Bxc8 {[%clk 0:10:00]} 23. a4 {[%clk 1:14:03]}
23... Bd7 {[%clk 0:04:40]} 24. b3 {[%clk 1:13:31]} 24... b5 {[%clk 0:02:30]}
25. a5 {[%clk 1:13:52]} 25... a6 {[%clk 0:02:52]} 26. Kf2 {[%clk 1:13:49]}
26... Bc6 {[%clk 0:02:04]} 27. Ke3 {[%clk 1:14:02]} 27... Nd7 {[%clk 0:02:26]}
28. Bh3 {[%clk 1:13:57]} 28... g6 {[%clk 0:02:25]} 29. Kd4 {[%clk 1:13:23]}
29... Kg7 {[%clk 0:02:24]} 30. f4 {[%clk 1:13:36]} 30... f5 {[%clk 0:01:20]}
31. e5 {[%clk 1:11:14]} 31... Kf7 {[%clk 0:01:29]} 32. g4 {[%clk 1:10:04]}
32... Bf3 {[%clk 0:01:17]} 33. gxf5 {[%clk 1:09:37]} 33... gxf5 {[%clk 0:01:41]
} 34. b4 {[%clk 1:09:38]} 34... Bc6 {[%clk 0:01:51]} 35. Ke3 {[%clk 1:09:42]}
35... Kg6 {[%clk 0:01:07]} 36. Kf2 {[%clk 1:09:23]} 36... Bd5 {[%clk 0:00:44]}
37. Kg3 {[%clk 1:09:46]} 37... Be4 {[%clk 0:00:45]} 38. Bf1 {[%clk 1:10:07]}
38... Bd5 {[%clk 0:00:46]} 39. Be2 {[%clk 1:09:55]} 39... Bc6 {[%clk 0:00:50]}
40. Kh4 {[%clk 1:10:19]} 40... h6 {[%clk 0:00:47]} 41. Bh5+ {[%clk 1:10:18]}
41... Kg7 {[%clk 0:27:41]} 42. Kg3 {[%clk 1:39:43]} 42... Nf8 {[%clk 0:22:44]}
43. Be7 {[%clk 1:35:23]} 43... Ng6 {[%clk 0:22:16]} 44. Bf6+ {[%clk 1:35:49]}
44... Kh7 {[%clk 0:22:37]} 45. Bd1 {[%clk 1:32:34]} 45... Bd5 {[%clk 0:22:09]}
46. Bh5 {[%clk 1:29:46]} 46... Bc6 {[%clk 0:19:53]} 47. Bd8 {[%clk 1:29:01]}
47... Kg7 {[%clk 0:20:11]} 48. h3 {[%clk 1:28:14]} 48... Bd7 {[%clk 0:19:16]}
49. Bf3 {[%clk 1:28:11]} 49... Bc8 {[%clk 0:19:38]} 50. h4 {[%clk 1:26:23]}
50... Kf8 {[%clk 0:18:48]} 51. Bb6 {[%clk 1:04:05]} 51... Ne7 {[%clk 0:17:52]}
52. Bc5 {[%clk 1:03:32]} 52... Ke8 {[%clk 0:18:06]} 53. Kf2 {[%clk 1:00:29]}
53... Nd5 {[%clk 0:10:16]} 54. Bh5+ {[%clk 0:59:32]} 54... Kd7 {[%clk 0:10:31]}
55. Kg3 {[%clk 0:59:33]} 55... Ne7 {[%clk 0:10:39]} 56. Bf3 {[%clk 0:58:10]}
56... Ke8 {[%clk 0:10:32]} 57. Bd6 {[%clk 0:58:36]} 57... Nd5 {[%clk 0:09:48]}
58. Bh5+ {[%clk 0:58:48]} 58... Kd7 {[%clk 0:10:09]} 59. Bf8 {[%clk 0:59:07]}
59... Bb7 {[%clk 0:09:54]} 60. Bf3 {[%clk 0:58:57]} 60... Bc8 {[%clk 0:08:53]}
61. h5 {[%clk 0:58:06]} 61... Ke8 {[%clk 0:09:06]} 62. Bxh6 {[%clk 0:58:28]}
62... Nxb4 {[%clk 0:09:21]} 63. Bg7 {[%clk 0:58:47]} 63... Kf7 {[%clk 0:08:58]}
64. h6 {[%clk 0:59:11]} 64... Kg6 {[%clk 0:08:53]} 65. Bh5+ {[%clk 0:59:32]}
65... Kh7 {[%clk 0:09:05]} 66. Kh4 {[%clk 0:59:56]} 66... Nd5 {[%clk 0:01:52]}
67. Kg5 {[%clk 1:00:17]} 67... b4 {[%clk 0:01:36]} 68. Bf6 {[%clk 1:00:08]}
68... Nxf6 {[%clk 0:01:34]} 69. exf6 {[%clk 1:00:33]} 69... Kg8 {[%clk 0:01:36]
} 70. f7+ {[%clk 1:00:55]} 70... Kf8 {[%clk 0:02:00]} 71. h7 {[%clk 1:01:21]}
1-0